Vnitropodnikové účetnictví ve schématech účtování a charakter nákladů.
Reakcia na článok V. Schiffera (Účtovníctvo 8 a 9/1990) o vnútropodnikovom účtovníctve v schémach účtovania. Uvádza sa alternatívna možnosť výpočtu uvedeného príkladu.
Saved in:
| Main Author: | |
|---|---|
| Format: | Book Chapter |
| Language: | Czech |
| Subjects: | |
| Tags: |
No Tags, Be the first to tag this record!
|
MARC
| LEADER | 00000naa a2200000 4500 | ||
|---|---|---|---|
| 001 | r006792 | ||
| 005 | 20221125081516.2 | ||
| 041 | 0 | |a cze | |
| 044 | |a [CS] | ||
| 245 | 1 | 0 | |a Vnitropodnikové účetnictví ve schématech účtování a charakter nákladů. |c K. Stelmach |
| 520 | |a Reakcia na článok V. Schiffera (Účtovníctvo 8 a 9/1990) o vnútropodnikovom účtovníctve v schémach účtovania. Uvádza sa alternatívna možnosť výpočtu uvedeného príkladu. | ||
| 610 | 2 | 0 | |a účtovníctvo vnútropodnikové |
| 610 | 2 | 0 | |a náklady |
| 610 | 2 | 0 | |a účtovanie nákladov |
| 100 | 1 | |a Stelmach, K. | |